000 00246pab a2200109 454500
008 180718b xxu||||| |||| 00| 0 eng d
100 _aBidwai, Praful
245 _aPoint of no return
650 _aBudget - India
773 _aMainstream
909 _a2505
999 _c2505
_d2505